00384 2200157 4500245006500000020001800065250001100083100001600094650001600110005001900126260002700145041001400172084000800186300002300194336000900217 aPingkan b : Semangat Mentari Musim SemicMuthmainnahhText a979-9435-03-X aCet. 9 aMuthmainnah aNovel Fiksi a20230110095933 aBandungbSyaamilc2004 aIndonesia a813 a216 hlm. :c20 cm. atext